| 000 | 00713nam a2200241 i 4500 | ||
|---|---|---|---|
| 001 | 000045098 | ||
| 003 | DO-SdBNP | ||
| 005 | 20240312153316.0 | ||
| 007 | ta | ||
| 008 | 150202s1999 000 spa d | ||
| 040 |
_aDO-SdBNP _bspa _cBNPHU _erda |
||
| 082 | 4 | _222 | |
| 245 | 0 | 0 |
_aPeña Gómez : _bsu pensamiento educativo. |
| 264 |
_aSanto Domingo : _bFundametro, _c1999. |
||
| 300 |
_a90 páginas ; _c18 cm. |
||
| 336 |
_2rdacontent _atexto _btxt |
||
| 337 |
_2rdamedia _asin mediación _bn |
||
| 338 |
_2rdacarrier _avolumen _bnc |
||
| 500 | _aIncluye referencias bibliográficas y notas al pie de las páginas | ||
| 504 | _aBibliografías : p. 90 | ||
| 590 | _aInventariado, 2024/BT | ||
| 942 |
_2ddc _cLBS1 |
||
| 999 |
_c44587 _d44587 |
||